000 00557nam a2200193Ia 4500
005 20250508161516.0
008 008 250505s9999 xx 000 0 eng d
037 _aBooks to be hide in OPAC
040 _aFEDL
_beng
_cFEDL
041 _aeng
_2eng
084 _a500, SHA/O
_qFEDL
100 _aShapley Harlow
245 0 _aTreasury of science
260 _aNew York, USA
_bHarper and Brothers Publishers
300 _axii,724p.
700 _a Rapport Samuel Wright Helen
_9770814
942 _cHB
_h500, SHA/O
999 _c1370409
_d1370409